Environmental studies:simplified Ed 3 (Record no. 212027)

MARC details
000 -LEADER
fixed length control field 00532nam a2200193Ia 4500
008 - FIXED-LENGTH DATA ELEMENTS--GENERAL INFORMATION
fixed length control field 210719s2018 xx 000 0 und d
020 ## - INTERNATIONAL STANDARD BOOK NUMBER
International Standard Book Number 978-93-5260-517-0
041 ## - LANGUAGE CODE
Language code of text/sound track or separate title eng
082 ## - DEWEY DECIMAL CLASSIFICATION NUMBER
Classification number 574.5 JOSE
100 ## - MAIN ENTRY--PERSONAL NAME
Personal name JOSEPH (Benny)
245 ## - TITLE STATEMENT
Title Environmental studies:simplified Ed 3
250 ## - EDITION STATEMENT
Edition statement 3
260 ## - PUBLICATION, DISTRIBUTION, ETC.
Place of publication, distribution, etc. Chennai
Name of publisher, distributor, etc. McGraw Hill Education (India) Private Limited
Date of publication, distribution, etc. 2018
300 ## - PHYSICAL DESCRIPTION
Extent xxii,244
Other physical details PB
365 ## - TRADE PRICE
Price amount 480
Currency code Rs
650 ## - SUBJECT ADDED ENTRY--TOPICAL TERM
Topical term or geographic name entry element Ecology
650 ## - SUBJECT ADDED ENTRY--TOPICAL TERM
Topical term or geographic name entry element Ecology
906 ## - LOCAL DATA ELEMENT F, LDF (RLIN)
a 3 ; Ed ; Environmental ; studies:simplified
Holdings
Withdrawn status Lost status Damaged status Not for loan Collection code Home library Current library Date acquired Source of acquisition Cost, normal purchase price Total Checkouts Full call number Barcode Date last seen Date last checked out Cost, replacement price Price effective from Koha item type
          St Aloysius Library St Aloysius Library 03/15/2021 Sapna Book House Pvt Ltd, K S Rao Road, Mangalore | General Annual 480.00 3 574.5 JOSE 074841 02/07/2022 01/28/2022 384.00 07/19/2021 Book